00577nam a2200181Ia 450000500170000000800410001704000190005804100120007708200180008924501180010726000430022530000170026850400380028565000180032365100190034170000250036085000100038520220728142732.0131103s9999 xx 000 0 und d aLoreto College aEnglish a808.2145bHAL aRomanticismb Problems of definition, explanation and evaluation cEdited with an introduction by John B. Halsted aLexingtonbD.C.Heath and companyc1965 axiii,106 p.  aProblems in European civilization aLiterature -  aRomanticism -  aHalsted,John B.4ed. aLCLIB